Villes françaises commençant et finissant par la même lettre - Statistiques

Statistiques générales
  • Ce quiz a été pris 43 fois
  • Le résultat moyen est 3 sur 19
Statistiques - réponses
Lettre Ville % Correct
C Cognac / Chamonix-Mont-Blanc / Carbon-Blanc / Cadaujac / Castelnau-de-Médoc / Caveirac / Cheval-Blanc / Clarensac / Carnac / Corenc
68%
L Le Blanc-Mesnil / Laval / Lunel / Le Teil / Le Portel / Louvroil / L'Hôpital / Lunel-Viel / Le Val / Le Val-d'Ajol
58%
S Saint-Denis (La Réunion) / Saint-Denis (Île-de-France) / Saint-Maur-des-Fossés / Sarcelles / Saint-Louis / Suresnes / Stains / Saint-Martin-d'Hères / Six-Fours-les-Plages / Sainte-Geneviève-des-Bois
45%
N Noyon / Neuville-en-Ferrain / Nanteuil-le-Haudouin / Nazelles-Négron / Nontron / Nomain / Nogent-sur-Vernisson / Neyron / Nexon / Neuville-sur-Ain
25%
D Dinard / Dieulouard / Doussard / Drumettaz-Clarafond / Damprichard / Douvrend / Daubensand / Dammard / Destord
23%
E Eaubonne / Elne / Essart en Bocage / Entraigues-sur-la-Sorgue / Ensuès-la-Redonne / Ernée / Eauze / Essômes-sur-Marne / Espelette / Eurville-Bienville
20%
A Acoua / Alénya / Alata / Amélie-les-Bains-Palalda / Afa / Aléria / Albitreccia / Ainhoa / Algajola / Augea
15%
O Opio / Olmeto / Orto / Ogliastro / Ometa-di-Capocorso / Olmo / Ortiporio / Orsanco
13%
M Molsheim / Mundolsheim / Marckolsheim / Marlenheim / Manom / Mommenheim / Meyenheim / Meistratzheim / Matzenheim / Merxheim
5%
P Pisseloup / Plescop / Piscop
5%
H Hambach / Harpich / Hilsprich / Honskirch / Hulluch / Hunspach / Hagenbach / Helfrantzkirch / Hirtzbach / Hundsbach
3%
K Kerling-lès-Sierck / Kirsch-lès-Sierck
3%
R Rive-de-Gier / Richwiller / Rohrwiller / Rocherolles-sur-le-Vivier / Romanswiller / Rehainviller / Riquewihr / Réaumur / Reipertswiller / Rantzwiller
3%
U Ustou / Umpeau / Urau / Uxeau / Usseau / Usson-du-Poitou
3%
Y Ymeray / Yzernay / Yversay
3%
F Freistroff / Filstroff / Francaltroff / Fougax-et-Barrineuf / Flastroff / Fémenstroff / Faux-Villecerf
0%
G Grand-Bourg / Grez-sur-Loing / Gros-Réderching / Guessling-Hémering / Guerting / Grosselming / Garrebourg / Granges-le-Bourg / Guerstling / Grindorff-Bizing
0%
I Irai
0%
T Talant / Trilport / Thiant / Treffiagat / Taupont / Trept / Tracy-le-Mont / Tollevast / Turretot / Tart
0%
Aucun quiz correspondant
Distribution des résultats
% des personnes avec chaque résultat
Percentile par nombre de réponses
Votre historique - résultats
Vous n’avez pas pris ce quiz